Women's hours and wages in the District of Columbia in 1937, (Record no. 36241)

MARC details
000 -LEADER
fixed length control field 00987cam a22002531 4500
001 - CONTROL NUMBER
control field l 37000168
003 - CONTROL NUMBER IDENTIFIER
control field DLC
005 - DATE AND TIME OF LATEST TRANSACTION
control field 20260227111536.0
008 - FIXED-LENGTH DATA ELEMENTS--GENERAL INFORMATION
fixed length control field 770428s1937 dcu f000 0 eng c
010 ## - LIBRARY OF CONGRESS CONTROL NUMBER
LC control number l 37000168
035 ## - SYSTEM CONTROL NUMBER
System control number (OCoLC)2922971
040 ## - CATALOGING SOURCE
Original cataloging agency U.S. Dept. of Labor
Transcribing agency Mi
Modifying agency DLC
050 00 - LIBRARY OF CONGRESS CALL NUMBER
Classification number HD6093
Item number .A35 no. 153
100 1# - MAIN ENTRY--PERSONAL NAME
Personal name Best, Ethel L.
Fuller form of name (Ethel Lombard)
245 10 - TITLE STATEMENT
Title Women's hours and wages in the District of Columbia in 1937,
Statement of responsibility, etc. by Ethel L. Best and Arthur T. Sutherland
260 ## - PUBLICATION, DISTRIBUTION, ETC.
Place of publication, distribution, etc. Washington,
Name of publisher, distributor, etc. U.S. Govt. Print. Off.,
Date of publication, distribution, etc. 1937.
300 ## - PHYSICAL DESCRIPTION
Extent v, 44 p.
Dimensions 23 cm.
490 0# - SERIES STATEMENT
Series statement Bulletin of the [U.S.] Women's bureau,
Volume/sequential designation no. 153
500 ## - GENERAL NOTE
General note At head of title: United States Department of Labor. Frances Perkins, secretary. Women's bureau. Mary Anderson, director.
650 #0 - SUBJECT ADDED ENTRY--TOPICAL TERM
Topical term or geographic name entry element Hours of labor
Geographic subdivision Washington (D.C.)
650 #0 - SUBJECT ADDED ENTRY--TOPICAL TERM
Topical term or geographic name entry element Wages
Geographic subdivision Washington (D.C.)
650 #0 - SUBJECT ADDED ENTRY--TOPICAL TERM
Topical term or geographic name entry element Women
General subdivision Employment
Geographic subdivision Washington (D.C.)
700 1# - ADDED ENTRY--PERSONAL NAME
Personal name Southerland, Arthur Theodore,
Relator term joint author

No items available.

Powered by Koha